Η εισβολή της σεξουαλικής ηθικής

Saved in:
Bibliographic Details
Main Author: Reich, Wilhelm, 1897-1957
Other Authors: Νικολόπουλος, Κώστας Χ. (Translator)
Format: Book
Language:Greek
French
Published: Αθήνα: Καστανιώτης, 1989.
Tags: Add Tag
No Tags, Be the first to tag this record!

MARC

LEADER 00000cam a2200000 i 4500
001 1/70591
008 990225s1989 gr | ||| |||| ||gre||
020 |a 960030338X 
035 |l 10048139 
040 |a GR-MyUa   |b gre   |e AACR2  
041 1 |a gre  |h fre 
082 7 |a 176   |2 (22)  
100 1 |a Reich, Wilhelm,   |d 1897-1957. 
245 1 2 |a Η εισβολή της σεξουαλικής ηθικής /   |c Βίλχελμ Ράιχ ; μετάφραση: Κώστας Νικολόπουλος.  
260 |a Αθήνα:   |b Καστανιώτης,   |c 1989.  
300 |a 253 σ. ;   |c 21 εκ.  
500 |a Τίτλος πρωτοτύπου: L' irruption de la morale sexuelle.  
700 1 |a Νικολόπουλος, Κώστας Χ.  |e trl 
852 |a INST  |b RHODES  |e 19990225  |h 176 REI  |p 005400015548  |q 005400015548  |t BK  |y 0 
901 |a BIBL-1999-1 
922 |a 4ΕΛΗ  |b 199801  |c ΚΠΣ/ΔΕ 
970 |z 2000/06/ΟΙΚΟΝΟΜΟΠΟΥΛΟΥ (SUBJECT)